Inquisitive Science-7 (Record no. 2191)

MARC details
000 -LEADER
fixed length control field 00229nam a22000857a 4500
008 - FIXED-LENGTH DATA ELEMENTS--GENERAL INFORMATION
fixed length control field 160711b xxu||||| |||| 00| 0 eng d
100 ## - MAIN ENTRY--PERSONAL NAME
9 (RLIN) 2524
Personal name Kumar K.A
245 ## - TITLE STATEMENT
Title Inquisitive Science-7
260 ## - PUBLICATION, DISTRIBUTION, ETC. (IMPRINT)
Place of publication, distribution, etc. New Delhi
Name of publisher, distributor, etc. S.Chand Publication
Date of publication, distribution, etc. 2008
Holdings
Withdrawn status Lost status Source of classification or shelving scheme Damaged status Not for loan Home library Current library Shelving location Date acquired Total Checkouts Total Renewals Full call number Barcode Date last seen Date last checked out Price effective from Koha item type
    Dewey Decimal Classification     Good Samaritan School Library Good Samaritan School Library   07/11/2016 2 1 500 KUM5785 12/04/2017 11/27/2017 07/11/2016 BOOK
    Dewey Decimal Classification     Good Samaritan School Library Good Samaritan School Library   07/11/2016 3   500 KUM5786 02/10/2026 02/04/2026 07/11/2016 BOOK

Powered by Koha